Ahora que las algas agonizan / (Registro nro. 12665)

Detalles MARC
000 -LEADER
campo de control de longitud fija 00903nam a22002655i 4500
001 - NÚMERO DE CONTROL
campo de control 12665
003 - IDENTIFICADOR DE NÚMERO DE CONTROL
campo de control ES-MaACL
005 - FECHA Y HORA DE LA ÚLTIMA TRANSACCIÓN
campo de control 20231214200119.0
007 - CAMPO FIJO DE DESCRIPCIÓN FÍSICA--INFORMACIÓN GENERAL
campo de control de longitud fija t|
008 - DATOS DE LONGITUD FIJA--INFORMACIÓN GENERAL
campo de control de longitud fija 910910s1986 sp ||||0| spa j
020 ## - NÚMERO INTERNACIONAL ESTÁNDAR DEL LIBRO
Número Internacional Estándar del Libro 84-7472-066-4
040 ## - FUENTE DE CATALOGACIÓN
Centro catalogador/agencia de origen M-BN
Lengua de catalogación spa
Centro/agencia transcriptor M-BN
080 ## - NÚMERO DE LA CLASIFICACIÓN DECIMAL UNIVERSAL
Número de la Clasificación Decimal Universal 860-14"19"
100 1# - ENTRADA PRINCIPAL--NOMBRE DE PERSONA
Nombre de persona Casala, Carmina.
9 (RLIN) 36061
245 10 - MENCIÓN DEL TÍTULO
Título Ahora que las algas agonizan /
Mención de responsabilidad, etc. Carmina Casala ; "palabra" previa de Luis Jiménez Martos.
260 ## - PUBLICACIÓN, DISTRIBUCIÓN, ETC.
Lugar de publicación, distribución, etc. Madrid :
Nombre del editor, distribuidor, etc. Instituto Hispano-Arabe de Cultura,
Fecha de publicación, distribución, etc. 1986.
300 ## - DESCRIPCIÓN FÍSICA
Extensión 84 p. ;
Dimensiones 21 cm.
490 1# - MENCIÓN DE SERIE
Mención de serie Colección de poesía Ibn Zaydún ;
Designación de volumen o secuencia 7
700 1# - ENTRADA AGREGADA--NOMBRE PERSONAL
Nombre de persona Jiménez Martos, Luis,
Fechas asociadas al nombre 1926-2003
9 (RLIN) 66562
710 2# - ENTRADA AGREGADA--NOMBRE DE ENTIDAD CORPORATIVA
Nombre de entidad corporativa o nombre de jurisdicción como elemento de entrada Instituto Hispano-Árabe de Cultura.
9 (RLIN) 162165
830 0# - PUNTO DE ACCESO ADICIONAL DE SERIE-TÍTULO UNIFORME
Título uniforme Colección de poesía Ibn Zaydún ;
Designación de volumen o secuencia 7
9 (RLIN) 179342
852 ## - LOCALIZACIÓN
Ubicación ES-MaACL
Número de control de estantería L-20095
Sublocalización o colección R.116991
852 ## - LOCALIZACIÓN
Ubicación ES-MaACL
Número de control de estantería L-13264
Sublocalización o colección R.115926
Existencias
Estatus retirado Estado de pérdida Estado de daño No para préstamo Biblioteca de origen Biblioteca actual Ubicación en estantería Fecha de adquisición Fuente de adquisición Total de préstamos Signatura topográfica completa Código de barras Visto por última vez Precio de reemplazo Tipo de ítem Koha
        Biblioteca del Ateneo de Madrid Biblioteca del Ateneo de Madrid Depósito 2 17/01/2008     L-13264 1012902 23/02/2023 23/02/2023 Libro impreso
        Biblioteca del Ateneo de Madrid Biblioteca del Ateneo de Madrid Depósito 2 17/01/2008     L-20095 1012901 23/02/2023 23/02/2023 Libro impreso